International Economics. (Record no. 703)

MARC details
005 - DATE AND TIME OF LATEST TRANSACTION
control field 20250317063802.0
020 ## - INTERNATIONAL STANDARD BOOK NUMBER
International Standard Book Number 0-07-119875-X
082 ## - DEWEY DECIMAL CLASSIFICATION NUMBER
Classification number 382.1 PUG
100 ## - MAIN ENTRY--PERSONAL NAME
Author name PUGEL, T. A.
245 ## - TITLE STATEMENT
Title International Economics.
250 ## - EDITION STATEMENT
Edition statement 12th Ed.
260 ## - PUBLICATION, DISTRIBUTION, ETC.
Place of publication, distribution, etc. New York,
Name of publisher, distributor, etc. McGraw Hill,
Date of publication, distribution, etc. 2004.
300 ## - PHYSICAL DESCRIPTION
Extent xix, 776p.: ill.; figure, picture.
Other physical details Index, References.
Dimensions 23cm.
856 ## - ELECTRONIC LOCATION AND ACCESS
Link text Access Online Book
Electronic name Economics
Path http://www.mhhe.com
942 ## - ADDED ENTRY ELEMENTS (KOHA)
Source of classification or shelving scheme Dewey Decimal Classification
Koha item type Books
Holdings
Date last seen Total checkouts Full call number Barcode Price effective from Koha item type Lost status Source of classification or shelving scheme Damaged status Not for loan Withdrawn status Home library Current library Shelving location Date acquired Cost, normal purchase price Cost, replacement price
03/15/2025   382.1 PUG 0000002783 03/15/2025 Books   Dewey Decimal Classification       College of Business Education Main Library College of Business Education Main Library General Collection 03/15/2025 45000.00  
03/17/2025   382.1 PUG 0000002827 03/17/2025 Books   Dewey Decimal Classification       College of Business Education Main Library College of Business Education Main Library General Collection 03/17/2025 45000.00 135000.00
03/17/2025   382.1 PUG 0000002828 03/17/2025 Books   Dewey Decimal Classification       College of Business Education Main Library College of Business Education Main Library General Collection 03/17/2025 45000.00 135000.00
03/17/2025   382.1 PUG 0000002829 03/17/2025 Books   Dewey Decimal Classification       College of Business Education Main Library College of Business Education Main Library General Collection 03/17/2025 45000.00 135000.00
03/17/2025   382.1 PUG 0000002830 03/17/2025 Books   Dewey Decimal Classification       College of Business Education Main Library College of Business Education Main Library General Collection 03/17/2025 45000.00 135000.00